Villes traversées par l'autoroute A86 - super périphérique parisien - Statistiques

Statistiques générales
  • Ce quiz a été pris 40 fois
  • Le résultat moyen est 13 sur 20
Statistiques - réponses
ville population kilomètre % Correct
Paris 2 094 945 -
91%
Saint-Denis 115 315 13
91%
Nanterre 99 114 0
85%
Créteil 94 109 40
79%
Versailles 83 587 69
79%
Bobigny 56 724 23
76%
Aubervilliers 93 353 16
71%
Montreuil 113 812 27
71%
Drancy 72 223 20
68%
Antony 63 994 52
65%
Champigny-sur-Marne 78 426 34
65%
Gennevilliers 51 973 8
65%
La Courneuve 50 194 18
65%
Bondy 52 905 24
62%
Rueil-Malmaison 77 952 80
62%
Colombes 90 749 4
59%
Vitry-sur-Seine 98 239 44
56%
Clamart 55 478 59
44%
Maisons-Alfort 59 650 37
44%
Fontenay-sous-Bois 51 812 31
41%
Aucun quiz correspondant
Distribution des résultats
% des personnes avec chaque résultat
Percentile par nombre de réponses
Votre historique - résultats
Vous n’avez pas pris ce quiz